000
00299nam a2200133Ia 4500
008
240521s1999 xx 000 0 und d
020
_a
0-9601678-9-7
041
_a
eng
082
_a
720.92
100
_a
HARPNESS S.P.
245
_a
SUNDANCING
260
_b
MIR PUBLISHERS
_c
1999
300
_a
208
999
_c
1157606
_d
1157606